Konzorcium v stavebníctve

Bibliographic Details
Main Author: Pařízek, Ladislav (Author)
Format: Article
Language:Slovak
PhysicalDescription:Lit. 5 zázn. v slov., češ., maď., nem.
Subjects:

MARC

LEADER 00000nab a2200000 a 4500
001 vtls000419598
003 SK-MaSNL
005 20260305030026.0
008 230217c1990 xo 0 slo
015 |a SNBRB19rr/mm-uuuuu 
035 |a CL0419726 
035 |a urn:nbn:sk:snk-ab2jbl 
035 |a (urnnbn)urn:nbn:sk:snk:ar-a02huw 
035 |a (uuid)3b223183-2e21-439e-9abc-c1690a668d6b 
040 |a SNKBUCL  |b slo  |c SNKBUCL  |e AACR2 
041 0 |a slo 
044 |a xo  |c SK 
080 |a 69:334.7  |2 1981 
080 |a 334.7  |2 1981 
100 1 |a Pařízek, Ladislav  |4 aut  |9 376333 
245 1 0 |a Konzorcium v stavebníctve  |c Ladislav Pařízek 
300 |b Lit. 5 zázn. v slov., češ., maď., nem. 
650 0 7 |a stavebníctvo  |2 snkbucl  |9 726 
650 0 7 |a konzorciá  |2 snkbucl  |9 883445 
655 7 |a články z novín a časopisov  |2 snkbucl  |9 267496 
773 0 |t Ekonomika stavebníctva  |g Roč. 25, č. 12 (1990), s. 366-368 
850 |a Slovenská národná knižnica v Martine  |a MTA001 
852 |a SNK  |b KIS3GCP 
954 |a odborná, vedecká literatúra pôvodná (slovenská)  |2 lita 
958 |a NB 
958 |a RK 
958 |a OND 
958 |a EUIPO 
958 |a article27 
992 |a RBX 
999 |c 3308821  |d 3310751